Welcome to CU Library Online Public Access Catalogue (OPAC)

Schaum's Outline of Theory and Problems of Structural Analysis (Record no. 8409)

MARC details
000 -LEADER
fixed length control field 00494nam a22001337a 4500
005 - DATE AND TIME OF LATEST TRANSACTION
control field 20251128135605.0
008 - FIXED-LENGTH DATA ELEMENTS--GENERAL INFORMATION
fixed length control field 251128b |||||||| |||| 00| 0 eng d
050 ## - LIBRARY OF CONGRESS CALL NUMBER
Classification number TA646
Item number .T85
100 ## - MAIN ENTRY--PERSONAL NAME
Personal name Tuma, Jan J
245 ## - TITLE STATEMENT
Title Schaum's Outline of Theory and Problems of Structural Analysis
Remainder of title with an introduction to transport, flexibility and stiffness matrices and their application
Statement of responsibility, etc. Jan J. Tuma
260 ## - PUBLICATION, DISTRIBUTION, ETC.
Place of publication, distribution, etc. New York
Name of publisher, distributor, etc. McGraw-Hill Book Company
Date of publication, distribution, etc. 1969
300 ## - PHYSICAL DESCRIPTION
Extent 292p.
Other physical details ill.
Dimensions 28cm
942 ## - ADDED ENTRY ELEMENTS (KOHA)
Source of classification or shelving scheme Library of Congress Classification
Koha item type Books
Suppress in OPAC No
999 ## -
-- 8409
-- 8409
Holdings
Withdrawn status Lost status Source of classification or shelving scheme Damaged status Not for loan Collection Home library Current library Shelving location Date acquired Total checkouts Full call number Barcode Date last seen Copy number Price effective from Koha item type
    Library of Congress Classification     Non-fiction Science Library (Miotso) Science Library (Miotso) General stacks 11/28/2025   TA645 .T85 TUM SLM00006318 11/28/2025 1 11/28/2025 Books
© 2023-2024 Copyright: Central University Libraries. All Rights Reserved | Created by: Mahone Tech Office